000 00425nam a2200181Ia 4500
005 20240823062700.0
008 240823s9999||||xx |||||||||||||| ||und||
041 _aENGLISH
082 _A531.382 L9
100 _aRekach V G
245 0 _aManual of the theory of the Elasticity
250 _a1st
260 _c1979
_bMir.Moscow
500 _aTransfered
650 _aElastics
_bPhysics
942 _cBK
999 _c236461
_d236461